| 000 | 00942cam a22002653a 4500 | ||
|---|---|---|---|
| 001 | 20001 | ||
| 003 | PGUSA | ||
| 005 | 20140828083426.0 | ||
| 008 | 061203s2006||||xxu|||||s|||||000 | eng d | ||
| 040 |
_aPGUSA _beng |
||
| 042 | _adc | ||
| 050 | 4 | _aPR | |
| 100 | 1 |
_aWestmacott, C. M. _q(Charles Molloy), _d1787-1868 |
|
| 245 | 1 | 4 |
_aThe English Spy : _bAn Original Work Characteristic, Satirical, And Humorous. Comprising Scenes And Sketches In Every Rank Of Society, Being Portraits Drawn From The Life _h[electronic resource] / _cC. M. Westmacott |
| 260 |
_bProject Gutenberg, _c2006 |
||
| 506 | _aPublic domain in the USA. | ||
| 516 | _aElectronic text | ||
| 653 | _aSatire, English | ||
| 653 | _aUniversity of Oxford -- Anecdotes | ||
| 653 | _aEngland -- Social life and customs | ||
| 700 | 1 |
_aCruikshank, Robert, _d1789-1856 |
|
| 830 | 0 |
_aProject Gutenberg _v20001 |
|
| 856 | 4 | 0 | _uhttp://www.gutenberg.org/ebooks/20001 |
| 942 | _cEB | ||
| 999 |
_c249256 _d249256 |
||